000 01389nam a22003857a 4500
003 CHAP
005 20220817042401.0
008 971013s1995 r 00010 d
010 _a42972
011 _a43944
035 _a48082
040 _cCHAP
090 _aTesis
100 0 0 _aCastillo Tovar, Hugo Enrique.
_920226
245 _aEvaluación patogénica de diferentes hongos asociados a la pudrición de la raíz en dos variedades de frijol y distintos contenidos de humedad
260 _aBermejillo. Dgo. :
_bEl autor,
_c1995
300 _a82 h.
502 _aTesis (Ing. Agr. Esp. en Zonas Aridas) -- UACH. Departamento de Zonas Aridas
590 _aALEPH
_b10
_c20130110
_lUCH01
_h1312
590 _aBATCH-UPD
_b10
_c20130110
_lUCH01
_h0934
590 _aBATCH-UPD
_b10
_c20130410
_lUCH01
_h0552
590 _aBATCH-UPD
_b10
_c20130914
_lUCH01
_h0859
590 _aCONVERSION
_b10
_c20130109
_lUCH01
_h1324
650 1 4 _aFrijol
_xContenido de humedad.
_943352
650 1 4 _aFrijol
_xVariedades.
_943446
650 1 4 _aFusarium solani.
_944097
650 1 4 _aMacrophomina phaseolina.
650 1 4 _aPudrición de la raíz
_xFrijol.
_992849
650 1 4 _aRaíces
_xEnfermedades.
_994673
650 1 4 _aRhizoctonia solani.
_997134
901 _aBK
942 _cFOLL
949 _bBC
_cTES
_d-109058
_eTS1
_h28029
_i48082
_si
949 _bBC
_cTES
_d33724000004420
_eTS2
_fc.2
_h28030
_i48082
_si
999 _c42972
_d42972